South India : (Record no. 190656)

MARC details
000 -LEADER
fixed length control field 01081nam a2200337 a 4500
001 - CONTROL NUMBER
control field vtls000184927
003 - CONTROL NUMBER IDENTIFIER
control field NLI
005 - DATE AND TIME OF LATEST TRANSACTION
control field 20210602111234.0
008 - FIXED-LENGTH DATA ELEMENTS--GENERAL INFORMATION
fixed length control field 101125s1975 ii b 001 0 eng
020 ## - INTERNATIONAL STANDARD BOOK NUMBER
Terms of availability Rs. 50.00
039 #9 - LEVEL OF BIBLIOGRAPHIC CONTROL AND CODING DETAIL [OBSOLETE]
-- 201011252220
-- VLOAD
040 ## - CATALOGING SOURCE
Original cataloging agency NLI
Language of cataloging eng
Transcribing agency Datasoft 1
Description conventions AACR2
041 0# - LANGUAGE CODE
Language code of text/sound track or separate title eng
044 ## - COUNTRY OF PUBLISHING/PRODUCING ENTITY CODE
MARC country code ii
082 04 - DEWEY DECIMAL CLASSIFICATION NUMBER
Classification number 320.954
100 1# - MAIN ENTRY--PERSONAL NAME
Personal name Baker,C. J.
Fuller form of name (Christopher John),
Dates associated with a name 1948-
9 (RLIN) 359125
245 10 - TITLE STATEMENT
Title South India :
Remainder of title political institutions and political change, 1880-1940 /
Statement of responsibility, etc. C. J. Baker [and] D. A. Washbrook
260 ## - PUBLICATION, DISTRIBUTION, ETC.
Place of publication, distribution, etc. Calcutta :
Name of publisher, distributor, etc. Macmillan,
Date of publication, distribution, etc. 1975
300 ## - PHYSICAL DESCRIPTION
Extent ix, 238 p. :
Other physical details map ;
Dimensions 23 cm.
500 ## - GENERAL NOTE
General note Includes index
500 ## - GENERAL NOTE
General note Library has 2 cops.
651 #0 - SUBJECT ADDED ENTRY--GEOGRAPHIC NAME
Geographic name India, South
General subdivision Politics and government
9 (RLIN) 278623
700 1# - ADDED ENTRY--PERSONAL NAME
Personal name Washbrook, D. A.,
Relationship jt. aut
9 (RLIN) 359126
887 ## - NON-MARC INFORMATION FIELD
Content of non-MARC field
901 ## - LOCAL DATA ELEMENT A, LDA (RLIN)
a DB27817
b 05.09.1975
901 ## - LOCAL DATA ELEMENT A, LDA (RLIN)
a DB33476
b 06.02.1978
9 c.2
902 ## - LOCAL DATA ELEMENT B, LDB (RLIN)
a E 320.954 B 171
942 ## - ADDED ENTRY ELEMENTS (KOHA)
Source of classification or shelving scheme Dewey Decimal Classification
Koha item type Books
949 ## - LOCAL PROCESSING INFORMATION (OCLC)
-- VIRTUAITEM
-- 10000
-- 100
6 DBA000027817ENG
949 ## - LOCAL PROCESSING INFORMATION (OCLC)
-- VIRTUAITEM
-- 10000
-- 100
6 DBA000033476ENG
Holdings
Withdrawn status Lost status Damaged status Not for loan Collection code Home library Current library Shelving location Date acquired Total Checkouts Full call number Barcode Date last seen Price effective from Koha item type
        New English National Library of India National Library of India New English - Main Stack Division     E 320.954 B 171 DBA000027817ENG 02/06/2021 02/06/2021 Books
        New English National Library of India National Library of India New English - Main Stack Division     E 320.954 B 171 DBA000033476ENG 02/06/2021 02/06/2021 Books
                                                                           
web counter

Copyright ©2020 The National Library of India, Govt. of India ↔ Hosted by NVLI, MOC ↔ Technology and Design by National Library of India, Ministry of Culture, Govt. of India